Pulpa y papel. Química y tecnología química v.2

Bibliographic Details
Main Author: Casey, James P.
Format: Section = Libro
Language:Undetermined
Spanish
Published: México Limusa 1990
Subjects:
LEADER 00585nam a2200217Ia 4500
008 240829s9999 xx 000 0 und d
020 |a 968-18-3832-8 
040 |a BIBLIOTECA-RUSB/ 676.2 C338 
041 |a spa 
082 |a 676.2 C338 
100 1 |a Casey, James P. 
245 1 0 |a Pulpa y papel. Química y tecnología química v.2 
260 |a México  |b Limusa  |c 1990 
300 |a 757 p. :il. 
650 7 |a PULPA Y PAPEL 
650 7 |b  PREPARACION DE LA FIBRA 
650 7 |c  FORMACION Y SECADO DE LA HOJA 
650 7 |d  MICROBIOLOGIA 
942 |c BK  |2 ddc 
991 |a TEXTO 
999 |c 4457